书目信息 |
| 题名: |
演说之禅
|
|
| 作者: | 雷纳德 著 ;王佑 , 汪亮 译 | |
| 分册: | ||
| 出版信息: | 北京 电子工业出版社 2020.10 |
|
| 页数: | 21,308页 | |
| 开本: | 24cm | |
| 丛书名: | ||
| 单 册: | ||
| 中图分类: | J98 | |
| 科图分类: | ||
| 主题词: | 幻灯绘制--基本知识 | |
| 电子资源: | ||
| ISBN: | 978-7-121-39520-8 | |
| 000 | 01061nam0 2200277 45 | |
| 001 | 012001001607 | |
| 005 | 20140914140225.0 | |
| 010 | @a978-7-121-39520-8@dCNY119.00 | |
| 100 | @a20201120d2020 em y0chiy50 ea | |
| 101 | 1 | @achi@ceng |
| 102 | @aCN@b110000 | |
| 105 | @aa z 000yy | |
| 106 | @ar | |
| 200 | 1 | @a演说之禅@Ayan shuo zhi chan@b专著@e幻灯片呈现与沟通的艺术@f(美)Garr Reynolds著@g王佑,汪亮译 |
| 210 | @a北京@c电子工业出版社@d2020.10 | |
| 215 | @a21,308页@c彩照@d24cm | |
| 300 | @a博文视点 | |
| 305 | @a由Pearson Education, Inc.培生教育出版集团授权出版 据原著第3版译出 | |
| 330 | @a本书讲解的不是幻灯片软件的功能和操作,而是如何从思想上、方法上来思考幻灯片演示。在这个新版中,作者提供了全新的示例,帮助读者获取灵感,展示了如何利用简约原则和讲故事的方式与观众建立良好的联系。 | |
| 606 | 0 | @a幻灯绘制@x基本知识 |
| 690 | @aJ98@v5 | |
| 701 | 0 | @c(美)@a雷纳德@Alei na de@c(Reynolds, Garr)@4著 |
| 702 | 0 | @a王佑@Awang you@4译 |
| 702 | 0 | @a汪亮@Awang liang@c(培训)@4译 |
| 801 | 0 | @aCN@bBJSDL@c20211011 |
| 905 | @b1336502-5@dJ98@e387@f4 | |
| 演说之禅:幻灯片呈现与沟通的艺术/(美)Garr Reynolds著/王佑,汪亮译.-北京:电子工业出版社,2020.10 |
| 21,308页:彩照;24cm |
| 博文视点 |
| ISBN 978-7-121-39520-8:CNY119.00 |
| 本书讲解的不是幻灯片软件的功能和操作,而是如何从思想上、方法上来思考幻灯片演示。在这个新版中,作者提供了全新的示例,帮助读者获取灵感,展示了如何利用简约原则和讲故事的方式与观众建立良好的联系。 |
| ● |
| 相关链接 |
|
|
|
|
正题名:演说之禅
索取号:J98/387
 
预约/预借
| 序号 | 登录号 | 条形码 | 馆藏地/架位号 | 状态 | 备注 |
| 1 | 1336502 | 213365026 | 第一样本阅览室/ [索取号:J98/387] | 在馆 | |
| 2 | 1336503 | 213365035 | 第一借阅区/ [索取号:J98/387] | 在馆 | |
| 3 | 1336504 | 213365044 | 第一借阅区/ [索取号:J98/387] | 在馆 | |
| 4 | 1336505 | 213365053 | 第一借阅区/ [索取号:J98/387] | 在馆 |